000 00658nam a2200205 a 4500
001 20371
003 CO-ViMGA
008 141112s2004 ck r 000 u spa d
020 _a9588232627
040 _aCO-ViMGA
_bspa
_cCO-ViMGA
082 0 4 _aCo861 A531a
100 1 _aAldana, Diana Carolina
_929415
245 1 0 _aAntología poética de la calle
260 _aBogotá :
_bAlcaldía mayor de Bogotá,
_c2005
300 _a135p
590 _aForma de adquisición : Donación - - Precio : 10000 - - Fecha de adquisición : Febrero 2005
650 1 4 _aPOESIA COLOMBIANA - COLECCION
_929416
650 1 4 _aPOESIA COLOMBIANA - SIGLO XX
_92302
942 _2ddc
_cBK
999 _c29376
_d29376